| 000 | 00862nam a2200301 a 4500 | ||
|---|---|---|---|
| 999 |
_c9623 _d9623 |
||
| 001 | 9623 | ||
| 003 | BD - JhCC | ||
| 005 | 20220322134023.0 | ||
| 008 | 180320s1986 enka b 001 0 eng | ||
| 020 | _a0721612601 | ||
| 035 |
_a0721612601 _a(BD - JhCC)9623 |
||
| 040 |
_aDNLM/DLC _cDLC _dm/c _dBD - JhCC |
||
| 041 | _aeng | ||
| 050 | 0 |
_aQP34.5 _b.G9 1986 |
|
| 060 | 0 | _aQT 104 G992t | |
| 082 |
_a612 _219 _bGUY 1986 |
||
| 100 | 1 | _aGuyton, Arthur C. | |
| 245 | 1 | 0 |
_aTextbook of medical physiology / _cArthur C. Guyton. |
| 250 | _a4th ed. | ||
| 260 |
_aPhiladelphia ; _aLondon : _bSaunders, _c1986. |
||
| 300 |
_a 1032 p. : _bill. (some col.) ; _c29 cm |
||
| 504 | _aIncludes bibliographical references and index. | ||
| 650 | 0 | _aHuman physiology. | |
| 650 | 0 | _aPhysiology, Pathological. | |
| 650 | 0 | _aPhysiology. | |
| 942 |
_2ddc _cBK _02 |
||